| 000 | 00908nam a2200301 4500 | ||
|---|---|---|---|
| 001 | 159159 | ||
| 003 | DO-SdBN | ||
| 005 | 20250606123356.0 | ||
| 007 | 159159 | ||
| 008 | 850611s1984 sp a 0000 bspa | ||
| 017 |
_a _b |
||
| 020 | _a8434581489 | ||
| 035 | _a | ||
| 040 |
_aDO-SdBN _bspa _cBPMSU _e |
||
| 080 | _a | ||
| 082 | 4 |
_a923.144 _bN216M 1984 _222 |
|
| 100 | 1 |
_aMaurois, André _d1885-1967 |
|
| 245 | 1 | 0 |
_aNapoleón / _cAndré Maurois ; prólogo, Carmen Llorca |
| 260 |
_aBarcelona ; _bSalvat, _c1984 |
||
| 300 |
_a189 p. : _bil.; _c20 cm |
||
| 490 | 0 |
_aBiblioteca Salvat de Grandes Biografías, _v1 |
|
| 590 | _aInventariado, 2025/VM | ||
| 600 | 1 | 4 |
_a Napoleón I, Emperador de Francia, _bI _d 1769-1821 _cEmperador de Francia _x |
| 651 | 4 |
_aFrancia _xHistoria _y1789-1815. |
|
| 700 | 1 |
_aLlorca, Carmen _eprólogo |
|
| 910 | _aVMateo V. Control de calidad. BPMSU | ||
| 942 |
_2ddc _cBK |
||
| 999 |
_c9711 _d9711 |
||